000 00616cam a22002053a 4500
001 44827
003 PGUSA
005 20140828084026.0
008 140204s2014||||xxu|||||s|||||000 | eng d
040 _aPGUSA
_beng
042 _adc
100 1 _aGallizier, Nathan,
_d1866-1927
245 1 0 _aUnder the Witches' Moon :
_bA Romantic Tale of Mediaeval Rome
_h[electronic resource] /
_cNathan Gallizier
260 _bProject Gutenberg,
_c2014
506 _aPublic domain in the USA.
516 _aElectronic text
830 0 _aProject Gutenberg
_v44827
856 4 0 _uhttp://www.gutenberg.org/ebooks/44827
942 _cEB
999 _c274078
_d274078